[Event "Dresden zt 1.2"]
[Site "Dresden"]
[Date "1998.05.01"]
[Round "4"]
[White "Sokolov, Ivan"]
[Black "Kortschnoj, Viktor Lvovich"]
[Result "1-0"]
[WhiteElo "2625"]
[BlackElo "2625"]
[Annotator "ChessBase"]
[PlyCount "103"]
[EventDate "1998.04.28"]
[EventType "swiss"]
[EventRounds "11"]
[EventCountry "GER"]
[SourceTitle "CBM 065"]
[Source "ChessBase"]
[SourceDate "1998.08.06"]
[SourceVersion "1"]
[SourceVersionDate "1998.08.06"]
[SourceQuality "1"]

1. d4 Nf6 2. c4 e6 3. Nc3 Bb4 4. Qc2 d5 5. cxd5 Qxd5 6. Nf3 Qf5 7. Qd1 (7. Qb3
Nc6 (7... c5 8. a3 Ba5 9. e3 Nc6 10. Be2 cxd4 11. exd4 Qe4 12. Bd2 Bxc3 13.
bxc3 O-O 14. Be3 Na5 15. Qb5 b6 16. Nd2 $6 Qg6 17. Qd3 $6 Bb7 18. Qxg6 hxg6 {
0-1 Onischuk,A-Short,N/Wijk 1995/CBM 45 (66) [Hansen,LB]}) 8. Bd2 O-O 9. e3 Rd8
10. Be2 e5 11. Nxe5 Be6 12. g4 Qxe5 13. dxe5 Bxb3 14. exf6 Be6 {Ivanchuk,
V-Anand,V/Monaco blind 1996/EXP 52/1/2-1/2 (76)}) (7. Qxf5 exf5 8. Bd2 (8. a3
Be7 9. b4 c6 10. e3 O-O 11. Bd3 g6 12. Bb2 Nbd7 13. Na4 Nd5 {1/2-1/2 Arlandi,
E-Romanishin,O/Torino op 1998/EXP 64 (32)}) 8... c6 9. e3 Nbd7 10. Bd3 Nb6 11.
O-O O-O 12. Na4 Bd6 13. Nc5 Nbd5 {1/2-1/2 Azmaiparashvili,Z-Jussupow,A/EU-chTM
1997/EXP 57 (21)}) 7... c5 8. e3 cxd4 9. exd4 Ne4 10. Bd2 Nc6 11. Bd3 $1 {
An important novelty, discovered by Chandler.} (11. a3 Bxc3 12. bxc3 Bd7 13.
Be2 (13. Qc2 $2 Rc8 {0-1 Timman,J-Short,N/Horgen 1995/CBM 50 (31) [Dautov]})
13... Nxd2 14. Qxd2 O-O 15. O-O {Touzane,O-Lepelletier,B/Toulouse 1996/EXP 57/
0-1 (52)}) (11. Be2 Nxd2 12. Qxd2 O-O 13. O-O Rd8 $10 {Dautov}) (11. Qc2 {
Dautov} Nxd2 12. Qxf5 exf5 13. Kxd2 Be6 14. a3 Ba5 $10 {/\0-0-0}) 11... Nxc3 (
11... Nxf2 12. Bxf5 Nxd1 13. Rxd1 exf5 (13... Bxc3 {Hansen,LB} 14. Bxc3 exf5
15. d5 Nb8 16. O-O $1 $36 {Chandler} (16. Bxg7 Rg8 $13)) 14. d5 Nd8 (14... Nb8
15. Nb5) (14... Na5 15. a3) (14... Bxc3 15. Bxc3) 15. Nb5 Bxd2+ 16. Rxd2 O-O
17. O-O {1-0 Schandorff,L-Parker,J/Copenhagen KS 1996/CBM 55 (66) [Hansen,LB]
Black has a very bad piece coordination. The o^ is very strong.}) (11... Bxc3
$5 {Hansen,LB} 12. bxc3 $5 (12. Bxc3 Qd5 13. O-O $14) 12... Nxf2 13. Bxf5 Nxd1
14. Kxd1 exf5 15. Re1+ Kd8 16. c4 $13) 12. Bxc3 Qa5 (12... Bxc3+ {Kanstler} 13.
bxc3 Qa5 14. Qc2 $14) 13. O-O O-O 14. Qc2 h6 {+/= Kanstler 1996} 15. Bh7+ Kh8
16. Be4 $36 Bd7 17. Qb3 $1 {/\ B:c6} Bxc3 $8 18. bxc3 Qc7 19. Rab1 Rab8 20. Qa3
$1 Kg8 (20... Na5 21. Ne5 Bc6 22. Bd3 $36 Bd5 $2 23. Rfc1 {/\ c4}) 21. c4 $1
Na5 22. Rfc1 {/\ Ne5} Nxc4 $5 (22... Bc6 $2 23. d5) (22... Rfc8 23. Ne5 Bc6 (
23... Nc6 24. Bxc6) 24. Bc2 {/\ Qd3->}) 23. Qxa7 Qa5 24. Rxb7 Rxb7 25. Qxb7 Nd6
26. Qxd7 Nxe4 $132 27. Rc8 $1 g5 (27... Qxa2 $2 28. Rxf8+ Kh7 29. Qb5 $1 Qxf2+
30. Kh1 Qe3 31. Qb1 $1 $18) (27... Rxc8 28. Qxc8+ Kh7 29. Qc2 $16) 28. Rxf8+
Kxf8 29. Qc8+ Kg7 30. Qb7 $1 Nd6 (30... Nc3 $4 31. Ne5 $18) 31. Qb1 Nb5 32. h3
Nc3 33. Qb2 (33. Qe1) 33... Nd1 (33... Nxa2 $2 34. d5+ Nc3 35. d6 $18) 34. Qa1
Nc3 35. Qe1 Qa3 36. Qe5+ Kg8 (36... Kg6 37. Qe3) 37. Qe3 Qb2 38. h4 $1 Ne2+ $6
$138 (38... Nxa2 $1 39. hxg5 hxg5 40. Qxg5+ Kf8 $16) 39. Kh2 g4 40. Ne5 Nxd4
41. Nxg4 Nf5 42. Nxh6+ Nxh6 43. Qxh6 Qxf2 (43... Qxa2 44. Qg5+ Kf8 (44... Kh7
45. Qf6) 45. f4 {/\ h4-h5-h6+-}) 44. a4 Qd4 45. Qg5+ Kh7 46. a5 f6 47. Qg3 Kh6
48. a6 $18 e5 49. Qf3 Kg6 50. h5+ Kh6 51. Kh3 Kg5 52. g4 1-0

[Event "Istanbul ol (Men) 34th"]
[Site "Istanbul"]
[Date "2000.11.08"]
[Round "11.1"]
[White "Bauer, Christian"]
[Black "Kortschnoj, Viktor Lvovich"]
[Result "1/2-1/2"]
[WhiteElo "2562"]
[BlackElo "2620"]
[Annotator "Huzman,A"]
[PlyCount "99"]
[EventDate "2000.10.28"]
[EventType "team-swiss"]
[EventRounds "14"]
[EventCountry "TUR"]
[SourceTitle "EXT 2001"]
[Source "ChessBase"]
[SourceDate "2000.11.22"]
[SourceVersion "1"]
[SourceVersionDate "2000.11.22"]
[SourceQuality "1"]
[WhiteTeam "France"]
[BlackTeam "Switzerland"]
[WhiteTeamCountry "FRA"]
[BlackTeamCountry "SUI"]

1. d4 d5 2. c4 dxc4 3. Nf3 e6 4. e3 c5 5. Bxc4 Nf6 6. O-O Nc6 7. Qe2 cxd4 8.
Rd1 Be7 9. exd4 Na5 10. Bb5+ Bd7 11. Ne5 Bc6 $1 (11... Nc6 12. Nc3 O-O 13. Qf3
Nd5 14. Nxd5 exd5 15. Qxd5 Nxe5 16. Qxe5 Bf6 17. Qe2 Re8 18. Be3 Bg5 19. Bc4
Bxe3 20. fxe3 Qg5 21. Qf2 $16 {1-0 Kramnik,V-Kortschnoj,V/Las Vegas 1999/CBM
72/[Huzman] (41)}) 12. Nc3 (12. Bd2 a6 13. Nxc6 Nxc6 14. Bxc6+ bxc6 15. Nc3
Qxd4 16. Bh6 Qg4 17. Qxg4 Nxg4 18. Bxg7 Rg8 19. Bd4 c5 20. Be3 Rb8 21. Rd2 Nxe3
22. fxe3 Rg4 $11 {1/2-1/2 Rojo,G-Ivanov,J/Portugal 2000}) 12... O-O 13. Bd3 (
13. Nxc6 Nxc6 14. Bxc6 (14. Be3 Rc8 $11) 14... bxc6 15. Be3 Nd5 16. Rac1 Qa5
$11) 13... Rc8 14. Bg5 Bd5 15. Rac1 Nc6 16. Bb1 (16. Nxd5 Nxd5 (16... Qxd5 17.
Nxc6 bxc6 (17... Rxc6 $2 18. Bxf6 Rxc1 (18... Bxf6 19. Be4 Rxc1 20. Bxd5 Rxd1+
21. Qxd1 exd5 22. Kf1 $16) 19. Bxe7 Rfc8 20. h3 $14) 18. Bf4 Qxa2 19. Ra1 Qb3
20. Rxa7 Nd5 $14 {/=}) 17. Nxc6 Rxc6 18. Rxc6 bxc6 $11) 16... g6 17. Qd3 Nd7 (
17... Nh5 18. Bh6 Re8) 18. Bh6 Ncxe5 (18... Re8 19. Nxd5 (19. Qg3 Bf6 20. Bf4)
19... exd5 20. Nf3) 19. dxe5 Bg5 $1 20. Bxf8 (20. Bxg5 $2 Qxg5 $17) 20... Bxc1
21. Bd6 (21. Rxc1 Qxf8 (21... Qg5 22. Qf1 Nxf8 23. f4 $14) 22. Qe3 (22. Qd4 Qc5
$11) 22... Qb4 $132) 21... Bxb2 22. Nxd5 exd5 23. Qxd5 Nxe5 $15 24. Be4 (24.
Qb3 $5 Nc4 (24... Qb6 25. Qxb6 axb6 26. Be4 $15 {/=}) 25. Bg3 Qb6 26. Be4 Qxb3
27. axb3 Na5 28. b4 Nc6 29. b5 Nd4 30. Bxb7 Rc5 31. Ba6 $11 Nxb5 $140 32. Rb1
$18) 24... Nc4 25. g3 Qxd6 26. Qxd6 Nxd6 27. Rxd6 Rc7 (27... b6 28. Rd7 $11) {
[%tqu "En","How White can force Rook exchange ?","","","d6d8","",10]} 28. Rd8+
Kg7 29. Rb8 b6 30. Rb7 $1 $15 Rxb7 31. Bxb7 b5 32. Ba6 b4 33. Kf1 f5 34. f4 Kf6
35. Ke2 Bd4 36. h3 Ke6 37. Bc4+ Ke7 38. Ba6 Kd6 39. g4 fxg4 40. hxg4 h5 41. Kf3
Ke6 42. Bd3 Kf7 43. Bc4+ Kf6 44. Ba6 Bc3 45. gxh5 gxh5 46. Kg3 Be1+ 47. Kh3 Kf5
48. Be2 h4 49. Bd3+ Kxf4 50. Kg2 1/2-1/2

[Event "Pamplona 9495 5th"]
[Site "Pamplona"]
[Date "1994.??.??"]
[Round "?"]
[White "Zvjaginsev, Vadim"]
[Black "Kortschnoj, Viktor Lvovich"]
[Result "1-0"]
[WhiteElo "2585"]
[BlackElo "2635"]
[Annotator "Dautov,R"]
[PlyCount "45"]
[EventDate "1994.12.??"]
[EventType "tourn"]
[EventRounds "9"]
[EventCountry "ESP"]
[EventCategory "13"]
[SourceTitle "CBM 046"]
[Source "ChessBase"]
[SourceDate "1995.06.01"]
[SourceVersion "1"]
[SourceVersionDate "1995.06.01"]
[SourceQuality "1"]

1. d4 Nf6 2. c4 e6 3. Nc3 Bb4 4. Nf3 c5 5. g3 d5 6. Bg2 dxc4 7. O-O O-O (7...
Nc6 8. dxc5 Qxd1 9. Rxd1 Bxc5 10. Nd2 Na5 11. Nde4 Be7 12. Bf4 Bd7 13. Nd6+
Bxd6 14. Bxd6 Bc6 15. e4 O-O-O 16. b4 cxb3 17. axb3 Ne8 18. e5 Bxg2 19. Rxa5
Nxd6 20. exd6 Bf3 21. Rd3 Bc6 22. Rxa7 Kb8 23. Ra1 b6 24. f3 {1/2-1/2
Romanishin,O-Tal,M/Sochi 1984}) 8. dxc5 Qa5 $6 {N} (8... Nc6 {>=} 9. Qa4 Qa5
10. Qxa5 Nxa5 11. Ne5 (11. Be3 Bxc3 12. bxc3 Nd5 13. Bd4 Bd7 $132) 11... Bxc5
12. Rd1 h6 $10 {Renet,O-Sharif,Meh/Marseille 1986}) 9. Qd4 $1 Nc6 (9... Qxc5
10. Qxc5 Bxc5 11. Ne5 Nbd7 12. Nxc4 $14) (9... Bxc5 10. Qxc4 Nbd7 11. Bf4 $14)
10. Qxc4 e5 $2 (10... Bxc5 11. Bg5 Be7 12. Rfd1 $14) (10... Qxc5 {>=} 11. Qxc5
Bxc5 12. Bf4 (12. Bg5 Bd7 13. Bxf6 gxf6 14. Ne4 Be7 15. Rac1 $14 {/\Nc5}) 12...
Bd7 (12... Nh5 13. Rfd1 Nxf4 14. gxf4 $14 {@}) 13. Ne5 Rac8 14. Rad1 (14. Rfd1
$2 Nxe5 15. Bxe5 Bxf2+ 16. Kxf2 Ng4+ $17) (14. Nxd7 Nxd7 15. Rac1 $14) 14...
Rfd8 15. Nxc6 Bxc6 16. Rxd8+ Rxd8 17. Bxc6 bxc6 18. Rc1 $14) 11. Ne4 $1 Nxe4
12. Qxe4 $16 Bxc5 (12... Qxc5 $2 13. a3 Ba5 14. b4 Qc3 15. Bd2 $18) 13. Ng5 g6
14. Qh4 h5 15. Bxc6 $1 bxc6 16. Ne4 $18 f5 (16... Rb8 17. Bh6 $18) 17. Bd2 Qd8
(17... Qb6 18. Nxc5 Qxc5 19. Bb4 $18) 18. Bg5 Qd4 19. Nxc5 Qxc5 20. Be7 Qd4 21.
Qxd4 exd4 22. Bxf8 Kxf8 23. Rfd1 1-0

[Event "Cancan Veterans-Women"]
[Site "Roquebrune"]
[Date "1998.09.17"]
[Round "10"]
[White "Cramling, Pia"]
[Black "Kortschnoj, Viktor Lvovich"]
[Result "1/2-1/2"]
[WhiteElo "2505"]
[BlackElo "2625"]
[Annotator "Huzman,A"]
[PlyCount "68"]
[EventDate "1998.09.07"]
[EventType "schev"]
[EventRounds "12"]
[EventCountry "FRA"]
[SourceTitle "CBM 067"]
[Source "ChessBase"]
[SourceDate "1998.11.30"]
[SourceVersion "2"]
[SourceVersionDate "1998.11.01"]
[SourceQuality "1"]

1. d4 d5 2. Nf3 e6 3. c4 dxc4 4. e3 Nf6 5. Bxc4 c5 6. O-O a6 7. e4 b5 8. Bd3
cxd4 9. a4 bxa4 10. e5 Nd5 11. Qxa4+ (11. Bg5 Be7 12. Bxe7 Qxe7 13. Qxa4+ Nd7
14. Qxd4 O-O 15. Nbd2 Rb8 16. Bxa6 {1/2-1/2 Zakharevich,I-Sherbakov,R/RUS-Cup9
1997}) 11... Bd7 12. Qxd4 Nb4 (12... Nc6 13. Qg4 Ncb4 14. Be4 Bb5 15. Rd1 h5
16. Qg5 Qxg5 17. Bxg5 Be7 18. Nc3 Nxc3 19. bxc3 Bc6 20. Rd4 Bxe4 21. Rxe4 Nd5
22. Rea4 Bxg5 23. Nxg5 Nxc3 24. Rxa6 Rxa6 25. Rxa6 O-O $11 {Shulman,Y-Mirkovic,
S/Novak Nikolic mem 1st 1998/1/2-1/2 (76)}) 13. Bg5 (13. Be4 Bc6 14. Qxd8+ Kxd8
15. Nc3 Be7 16. Be3 Ke8 17. Rfc1 Bxe4 18. Nxe4 N8c6 19. Rc4 Rd8 20. Nd6+ Kf8
21. Bd2 $18 {1-0 Gelfand,B-Tkachiev,V/FIDE-Wch k.o. 1997 (32)}) 13... Be7 (
13... N8c6 $5 14. Qh4 (14. Qe3 Be7 {-game.}) 14... Be7 $11 {[%cal Yh7h6]}) 14.
Bxe7 (14. Qxb4 Bxb4 15. Bxd8 Kxd8 16. Rc1 Ke7 $11) 14... Qxe7 15. Be4 N8c6 16.
Qe3 O-O 17. Nbd2 Rab8 18. Nb3 (18. Nc4 Rfd8 19. Rfd1 Be8 $11) 18... Rfd8 19.
Nc5 a5 20. Rfd1 Be8 21. h3 h6 $11 22. Rxd8 (22. Rac1 Na2 23. Rxd8 (23. Ra1
Rxd1+ 24. Rxd1 Rxb2) 23... Qxd8 24. Rc2 $11) 22... Qxd8 23. Qc3 Qb6 24. Nb3 Ne7
(24... Nd5 $5 25. Bxd5 exd5 26. Nxa5 d4 27. Qd2 Nxa5 28. Rxa5 Bc6 $44) 25. Nxa5
Nbd5 $11 26. Qd4 Qxb2 27. Qxb2 Rxb2 28. Nc4 Rb8 29. Nd6 Nc3 30. Bd3 Ba4 31. Ra3
Rb3 32. Rxb3 Bxb3 33. Nd4 Ba4 34. f4 Ncd5 1/2-1/2

[Event "Pamplona 9495 5th"]
[Site "Pamplona"]
[Date "1994.??.??"]
[Round "?"]
[White "Kortschnoj, Viktor Lvovich"]
[Black "Yudasin, Leonid"]
[Result "1/2-1/2"]
[WhiteElo "2635"]
[BlackElo "2615"]
[Annotator "Ftacnik,L"]
[PlyCount "149"]
[EventDate "1994.12.??"]
[EventType "tourn"]
[EventRounds "9"]
[EventCountry "ESP"]
[EventCategory "13"]
[SourceTitle "CBM 046"]
[Source "ChessBase"]
[SourceDate "1995.06.01"]
[SourceVersion "1"]
[SourceVersionDate "1995.06.01"]
[SourceQuality "1"]

1. d4 Nf6 2. c4 e6 3. g3 d5 4. Bg2 Bb4+ 5. Bd2 Be7 6. Nf3 O-O 7. O-O Nbd7 8.
Qc2 c6 9. b3 b6 10. Rd1 Bb7 11. Nc3 Rc8 12. e4 c5 (12... Nxe4 13. Nxe4 dxe4 14.
Qxe4 Qc7 15. Bf4 $14) 13. exd5 exd5 14. Bf4 Re8 (14... a6 15. Qb2 $1 dxc4 16.
d5) (14... dxc4 15. d5 $1 Re8 (15... Nh5 16. Be3 cxb3 17. axb3 g6 18. Rxa7 $16)
16. bxc4 $16) 15. dxc5 $1 (15. Nb5) 15... dxc4 $6 (15... Bxc5 16. Nd4 Ba8 $1
$14) 16. b4 $1 bxc5 (16... a5 17. a3 axb4 18. axb4 bxc5 19. b5 $16) 17. b5 Qa5
(17... a6 $6 18. bxa6 Bxa6 19. Ne5 $1 $16 {xBa6}) 18. a4 h6 (18... a6 19. Nd2
Bxg2 20. Nxc4 Qb4 21. Na2 Be4 22. Nxb4 Bxc2 23. Nxc2 $16) 19. Rab1 $6 (19. Nd2
$1 Bxg2 20. Nxc4 Qb4 21. Na2 Be4 22. Nxb4 Bxc2 23. Nxc2 $16) 19... g5 $1 20.
Nxg5 (20. Bxg5 $2 Bxf3 21. Bxf3 hxg5 $17) (20. Bd2 Qc7 21. Bc1 Bf8) (20. Bc1 $5
Qc7 21. Bb2) 20... Bxg2 (20... hxg5 21. Bxb7 gxf4 22. Bxc8 Rxc8 23. Nd5 $16)
21. Nxf7 Kxf7 22. Kxg2 (22. Rxd7 $6 Bf3 $1 23. Re1 Be4 $5 24. Rxe4 Nxd7 $13)
22... Nf8 (22... Kg7 23. Nd5 Nxd5 24. Rxd5 Nf6) 23. Nd5 Nxd5 24. Rxd5 Qb6 25.
Qxc4 Kg7 26. Rb3 (26. Rh5 $5 Qg6 27. Bxh6+ Kh8 28. Rh3 Nh7 $13) 26... Ng6 27.
Rd7 Rcd8 (27... Red8 28. Be5+ $1 Nxe5 (28... Kf8 29. Rf3+ Ke8 30. Qf7+ Kxd7 31.
Rd3+ Qd6 32. Rxd6+ $18) 29. Rxe7+ Kf6 30. Rxe5 Kxe5 31. Qf4+ $18) 28. a5 $1 (
28. Bc7 $2 Qb7+) 28... Qf6 (28... Qxa5 $2 29. Bc7) (28... Nxf4+ 29. Qxf4 Qxa5
30. Qg4+ Kh8 31. Re3 $1 Bf6 32. Qg6 $18) 29. Rxa7 Rd4 30. Qc1 (30. Qxc5 Rxf4 $1
31. gxf4 Nxf4+ 32. Kg3 Qg6+ 33. Kxf4 Qf7+ 34. Kg3 Qxb3+ (34... Bxc5 35. Rxf7+
Kxf7 36. b6 $16) 35. Kg2 $13) 30... Nxf4+ 31. gxf4 Rxf4 32. Qb2 c4 $1 33. Rg3+
Kf7 34. Qc2 $6 (34. Qxf6+ Kxf6 35. Rc7 Rf5 $10) 34... Qf5 35. Qxf5+ Rxf5 36. b6
(36. Rb7 Kf6 37. Rb6+ Ke5 38. Re3+ Kd4 $36) 36... Kf6 $1 37. a6 Bc5 38. Rh7 $1
Rxf2+ 39. Kh3 Bxb6 (39... Ree2 40. Rxh6+ Kf5 (40... Kf7 41. Rc6) 41. Rh5+ Kf4
42. Rg4+ $16) 40. Rxh6+ Kf5 41. Rh5+ (41. Rxb6 $4 Rh8+ $19) 41... Ke4 42. Rh4+
Kf5 43. Rh5+ Ke4 44. Rh4+ Rf4 (44... Kd5 45. Rg5+ Kd6 46. Rxc4) 45. Rxf4+ Kxf4
46. Rg4+ Kf3 47. Rxc4 Bf2 (47... Rh8+ 48. Rh4) 48. Rc3+ Be3 49. Rc4 Re6 50. Ra4
Rh6+ 51. Rh4 Rxa6 52. Ra4 Rd6 (52... Rxa4 $10) 53. Rb4 Rd2 (53... Bd4 54. Rxd4
$1 Rxd4 $10) 54. Rb3 Ra2 55. Rc3 Ra8 56. Rc4 Bd2 57. Ra4 $1 Rf8 58. Rh4 Rb8 59.
Rc4 Rb3 60. Ra4 Bf4 61. Ra2 Rc3 62. Rb2 Ra3 63. Rc2 Rd3 64. Rb2 Be5 65. Ra2 Bd6
66. Rb2 Ra3 67. Rb1 Ra2 68. Rf1+ Ke4 69. Kg4 Rg2+ 70. Kh5 Bxh2 (70... Rxh2+ 71.
Kg6) 71. Rf6 Bf4 72. Rg6 Ra2 73. Rg4 Kf5 74. Rg5+ Ke4 75. Rg6 1/2-1/2

[Event "Leon"]
[Site "Leon"]
[Date "1994.??.??"]
[Round "6"]
[White "Kortschnoj, Viktor Lvovich"]
[Black "De la Villa Garcia, Jesus Maria"]
[Result "1/2-1/2"]
[WhiteElo "2615"]
[BlackElo "2470"]
[Annotator "Ftacnik,L"]
[PlyCount "106"]
[EventDate "1994.05.??"]
[EventType "tourn"]
[EventRounds "9"]
[EventCountry "ESP"]
[EventCategory "12"]
[SourceTitle "CBM 042"]
[Source "ChessBase"]
[SourceDate "1994.10.01"]
[SourceVersion "1"]
[SourceVersionDate "1994.10.01"]
[SourceQuality "1"]

1. c4 {Franco} c5 2. Nf3 Nf6 3. Nc3 d5 4. cxd5 Nxd5 5. d4 Nxc3 6. bxc3 g6 7. e4
Bg7 8. Rb1 O-O 9. Be2 Nc6 10. d5 Bxc3+ 11. Bd2 Bxd2+ 12. Qxd2 Na5 13. h4 Bg4
14. h5 Bxf3 15. gxf3 e5 16. hxg6 fxg6 17. d6 b6 18. Qd5+ Kg7 19. Qxe5+ Qf6 20.
Qh2 (20. Qxf6+ $2 {Franco} Rxf6 $132) 20... h5 21. Qg3 Rae8 $5 $146 (21... Nc4
$2 22. Rc1 $1 Ne5 23. Rxh5 $16) (21... Nc6 22. Rd1 Kh6 23. Rd5 Nb4 (23... Rae8
24. f4 Qa1+ 25. Rd1 Qf6 26. Rd5 Qa1+ 27. Rd1 Qf6 28. f3 Nd4 29. f5 $36 {
Gelfand,B-Stohl,I/Tilburg/1992/}) 24. Re5 $1 Nc2+ 25. Kf1 Nd4 26. f4 Nxe2 27.
Kxe2 Rad8 28. Qg4 {Chernin,A-Stohl,I/Pardubice/1993/} Qxd6 $1 29. Rexh5+ Kg7
30. Rh7+ Kg8 31. Kf3 $5 (31. Qf3 Rxf4 32. Qb3+ Kf8 33. Rh8+ Kg7 34. R1h7+ Kf6
35. Rf7+ Ke5 $13) 31... Qd3+ 32. Kg2 Qxe4+ 33. Kg3 Qf5 $1 34. Qh4 Rd3+ 35. f3
Rxf3+ $1 36. Kxf3 Qd3+ $10) 22. Rd1 $2 (22. Rxh5 Qc3+ 23. Kf1 Rxe4 24. d7 $5 (
24. Rg5 Rxe2 25. Rxg6+ Kf7 $17) 24... Rxe2 (24... Rd4 25. Qe5+ $18) (24... Re7
25. Rd5 Rxe2 26. d8=Q Rxd8 27. Qc7+ $16) (24... Qc2 25. Re1 $5 $16) 25. d8=Q
Rxf2+ (25... Qc4 26. Rh7+ Kxh7 27. Qdh4+ $18) (25... Rxd8 26. Qc7+ $18) 26.
Kxf2 (26. Kg1 $1 $18) 26... Qc2+ 27. Ke1 Qxb1+ 28. Qd1 $18) (22. d7 $5) 22...
Re5 $1 23. Kf1 Nc6 24. Rd5 Rxd5 25. exd5 Nd4 26. Rxh5 Nf5 $1 (26... Nxe2 27.
Kxe2 Re8+ 28. Kf1 Qa1+ 29. Kg2 Re1 30. Qh2 $1 gxh5 31. d7 Qf6 32. Qc7 Qg6+ 33.
Qg3 $18) 27. Qg4 Qxd6 28. Rg5 Nh6 $2 (28... Rh8 $1 29. f4 Qf6 $17) (28... Rh8
$1 {Franco 29...Rh1 30.Kg2 Qh2}) 29. Qa4 Qf4 30. Qxf4 Rxf4 31. Bd3 Nf5 $2 (
31... Rf6 32. Re5 Nf7 $17) (31... Rf6 $1 $15 {Franco}) 32. Rg4 $1 Rxg4 (32...
Rxf3 33. Ke2 Nd4+ 34. Rxd4 $18) 33. fxg4 Nd6 34. g5 (34. f4 $1 b5 35. Kf2 a5
36. Ke3 $14) (34. f4 $1 $36 {Franco}) 34... c4 35. Bc2 Nb5 $1 36. f4 Nd4 37. d6
Kf7 38. d7 Ke7 39. Bxg6 Kxd7 40. Kf2 c3 41. Ke3 c2 42. Kd2 c1=Q+ 43. Kxc1 Ne2+
44. Kd2 Nxf4 45. Bf5+ Ke7 46. Kc3 Ne6 47. g6 (47. Bxe6 Kxe6 48. Kc4 Kf5 49. Kb5
Kxg5 50. Ka6 Kf5 51. Kxa7 b5 52. Ka6 b4 53. Kb5 Ke6 54. Kxb4 Kd7 $10) 47... Kf6
48. Bxe6 Kxe6 49. Kc4 Kf6 50. Kb5 Kxg6 51. a4 (51. Ka6 Kf5 (51... Kf7 {Franco}
52. Kxa7 b5 53. Ka6 b4 54. Ka5 Ke7 55. Kxb4 Kd8 $10) 52. Kxa7 b5 53. a3 Ke6 54.
Kb6 Kd7 55. Kxb5 Kc7) 51... Kf6 52. Ka6 Ke7 53. Kxa7 Kd7 (53... Kd7 54. Kxb6
Kc8 $10) 1/2-1/2

[Event "Biel"]
[Site "Biel"]
[Date "1986.07.20"]
[Round "1"]
[White "Kortschnoj, Viktor Lvovich"]
[Black "Klinger, Josef"]
[Result "0-1"]
[WhiteElo "2650"]
[BlackElo "2430"]
[Annotator "Dolmatov,S"]
[PlyCount "70"]
[EventDate "1986.07.20"]
[EventType "tourn"]
[EventRounds "11"]
[EventCountry "SUI"]
[EventCategory "12"]
[SourceTitle "MCL"]
[Source "ChessBase"]
[SourceDate "1999.07.01"]
[SourceVersion "1"]
[SourceVersionDate "1999.07.01"]
[SourceQuality "1"]

1. Nf3 Nf6 2. c4 b6 3. g3 Bb7 4. Bg2 e6 5. O-O Be7 6. Nc3 O-O 7. d4 Ne4 8. Bd2
f5 9. d5 Bf6 10. Rc1 Na6 11. Ne1 Nac5 12. b4 Nxc3 13. Bxc3 Ne4 14. Bxe4 (14.
Bxf6 Qxf6 15. Nd3 a5 16. b5 exd5 17. cxd5 Bxd5 18. Nc5 Qd6 19. Nxe4 fxe4 20.
Qc2 $10 {Plachetka,J-Prandstetter,E/CSSR/1986/}) 14... fxe4 15. Ng2 Bg5 16. Qd4
Qe7 17. Rcd1 exd5 18. cxd5 c5 19. dxc6 dxc6 20. h4 Bf6 21. Qc4+ Kh8 22. Bxf6
Rxf6 23. Ne3 Raf8 24. Rd2 (24. Rd4 $5 c5 25. bxc5 bxc5 26. Rd2 $14) 24... Bc8
25. Rd4 Be6 26. Qc2 (26. Qxc6 $2 Bh3 27. Qxe4 Qxe4 28. Rxe4 Bxf1 29. Nxf1 Rxf2
$17) 26... Qf7 27. Rxe4 Bh3 (27... Rxf2 28. Rf4 Rxf4 29. Rxf4 Qe7 30. Rxf8+
Qxf8 31. Qxc6 Bxa2 $14) 28. f3 (28. Rd1 Rxf2 $17) 28... Bxf1 29. Nxf1 Re8 $17
30. Nd2 Rd8 $6 (30... Rxe4 31. Nxe4 Re6 32. Ng5 Qg6 33. Qc4 Re7 $17) (30... h6
$5 $17) 31. Kg2 h6 32. Nc4 Re6 33. Ne5 Qf5 34. g4 Qf6 35. f4 Rf8 (35... Rf8 $10
36. g5 (36. e3 $2 Qxh4) (36. h5 Rxe5 37. Rxe5 Qxf4 38. Qe4 Qf1+ 39. Kg3 $10) (
36. Nd7 $2 Qg6 37. f5 Rxf5 $17) 36... hxg5 37. hxg5 Qf5 38. Qd3 Rxe5 39. Rxe5
$10) 0-1

[Event "Nijmegen m"]
[Site "Nijmegen"]
[Date "1993.??.??"]
[Round "8"]
[White "Piket, Jeroen"]
[Black "Kortschnoj, Viktor Lvovich"]
[Result "1/2-1/2"]
[WhiteElo "2590"]
[BlackElo "2605"]
[Annotator "Dautov,R"]
[PlyCount "86"]
[EventDate "1993.05.??"]
[EventType "match"]
[EventRounds "8"]
[EventCountry "NED"]
[SourceTitle "CBM 036"]
[Source "ChessBase"]
[SourceDate "1993.10.01"]
[SourceVersion "1"]
[SourceVersionDate "1993.10.01"]
[SourceQuality "1"]

1. d4 Nf6 2. c4 e6 3. Nf3 Bb4+ 4. Bd2 a5 5. g3 b6 6. Bg2 Bb7 7. O-O O-O 8. Bf4
Be7 9. Nc3 Ne4 10. Qc2 (10. Nxe4 Bxe4 11. Qd2) (10. Na4 d6 11. Nd2 Nxd2 12.
Bxb7 Ra7 13. Qxd2 Rxb7 14. e4 $14) 10... Nxc3 11. bxc3 Ra7 $1 {N} (11... f5 12.
d5 Na6 13. Rad1 Nc5 14. Nd4 Bf6 15. Nb5 d6 16. Be3 Qe7 17. Bxc5 bxc5 18. e4 f4
19. gxf4 e5 20. f5 Bg5 21. Rd3 Bf4 22. Qe2 Rf6 23. Na3 g6 24. fxg6 hxg6 $44 {
Piket-Savon/Palma-GMA op/1989}) (11... d6 12. Ng5 Bxg5 13. Bxb7 Ra7 14. Bxg5
Qxg5 15. Bg2 Qe7 16. Rab1 e5 17. Rfd1 Re8 18. e4 Nd7 19. Rd2 Nf6 20. f3 Raa8
21. Qa4 g6 22. Qc6 Rad8 23. Rbd1 Qd7 24. Qxd7 Nxd7 $10 {Piket-Larsen/
Roquebrune 30'/1992}) 12. e4 d6 13. Rfe1 Nd7 $10 14. Rad1 Qe8 (14... a4 $5) 15.
h4 (15. a4 $142 $1) 15... a4 $1 {/\Ra5,Ba6} 16. Qd3 (16. h5 $6 h6 {/\Ra5,><h5})
16... Ra5 17. e5 $5 dxe5 (17... Ba6 18. Ng5 Bxg5 19. hxg5 d5 20. Qc2 Bxc4 21.
Bh3 $44 {/\Kg2,Rh1->}) (17... Bxf3 $6 18. Bxf3 dxe5 19. dxe5 Nc5 20. Qe3 Qc8
21. h5 Qa6 22. Rd4 $14) 18. Nxe5 Bxg2 19. Kxg2 Nxe5 20. Rxe5 Rxe5 21. Bxe5 Qd7
(21... Qc6+ 22. d5 Qb7 $10) 22. Bf4 (22. d5 $6 f6 23. Bf4 e5 24. Be3 Bd6 $15 {
/\f5}) 22... Bd6 23. Be3 (23. Bxd6 Qxd6 (23... cxd6 24. Rb1 $10) 24. Qf3 $10
Qa3 25. Rd2 $1) 23... Qc6+ 24. d5 Qa8 25. h5 f5 (25... e5 26. Qf5 $1 {/\h6} Qc8
27. Qxc8 Rxc8 28. Rb1 f5 29. Rb5 Kf7 30. c5 bxc5 31. Bxc5 $10) 26. h6 (26. c5
$1 bxc5 27. Qc4 exd5 28. Qxd5+ Qxd5+ 29. Rxd5 $10) 26... g6 27. c5 bxc5 28. Qc4
exd5 29. Qxd5+ (29. Rxd5 $2 f4 $1 {/\Rf5} 30. Kh2 fxe3 31. Rxd6+ Kh8 $19) 29...
Qxd5+ 30. Rxd5 Ra8 $1 31. c4 Kf7 32. Bxc5 Ra5 33. Bd4 Rxd5 34. cxd5 {><h6} Ke8
35. Kf3 Kd7 (35... Bf8 36. Be3 Kd7 37. Bf4 $10) 36. Bg7 $2 (36. Ke2 Bf8 37. Bg7
Bc5 38. Be5 c6 39. dxc6+ Kxc6 40. f3 Kd5 41. Bg7 Kc4 42. Kd2 Kb4 43. Kc2 $10) (
36. Be3 Be5 37. Bc5 Bd6 (37... Bf6 38. Kf4 $10) 38. Be3 Bf8 39. Bf4 c6 40.
dxc6+ Kxc6 41. Ke2 $10) 36... Be7 37. Kf4 (37. Ke3 Bc5+ 38. Ke2 Kd6 $19) (37.
Be5 Bg5 38. Bf4 Bxf4 39. Kxf4 Kd6 40. Kg5 Kxd5 41. Kf6 c5 42. Kg7 Ke6 43. Kxh7
Kf7 $19) 37... Bc5 $2 (37... Kd6 $1 38. Be5+ Kxd5 39. Bxc7 Bf8 40. Kg5 Ke4 {
/\Be7} 41. Kf6 $8 Bxh6 42. Kf7 f4 $1 (42... Kf3 43. Kg8 Kxf2 44. Kxh7 $10) 43.
Kg8 (43. gxf4 Bxf4 $19) 43... f3 $1 {/\Be3} 44. g4 (44. Bb6 Bd2 45. Kxh7 Kd3
46. Kxg6 Ke2 47. g4 Be1 48. g5 Bxf2 49. Bxf2 Kxf2 50. Kh7 Ke2 51. g6 f2 52. g7
f1=Q 53. g8=Q Qh3+ 54. Kg7 Qg4+ 55. Kh7 Qxg8+ 56. Kxg8 Kd2 $19) 44... Bd2 45.
Kxh7 Be1 46. Kxg6 Bxf2 47. g5 Bd4 $19) 38. f3 Kd6 39. Bf8+ $1 $10 Kxd5 40. Bxc5
Kxc5 41. Ke5 a3 42. g4 f4 43. Kf6 Kd6 (43... Kd6 44. Kg7 Ke7 45. Kxh7 Kf7 46.
Kh8 c5 47. h7 c4 48. g5 $10) 1/2-1/2